000 00500nam a2200205Ia 4500
003 0100
008 130303s9999 xx 000 0 und d
040 _cARRUPELIB
050 _aBL80.2.S6 1969
100 _aSmart , Ninian
245 4 _aThe Religious experience of mankind
260 _aLondon
260 _bCollins/Fontana Library
260 _C1969
300 _a735p.
300 _b 19cm.
440 _aThe Fontana library theology and philosophy
650 _aRELIGION
942 0 0 _03
999 _c33015
_d33015